| 000 | 00764nam a2200265Ia 4500 | ||
|---|---|---|---|
| 003 | GCL | ||
| 005 | 20240530102233.0 | ||
| 008 | 140319s9999 xx 000 0 ara d | ||
| 040 |
_aGCL / _cGCL |
||
| 082 | 0 | 4 |
_a338.9 _bهـ ا |
| 100 | 1 | _aهاجن، افيريت | |
| 245 | 1 | 0 |
_aاقتصاديات التنمية / _cهاجن، افيريت |
| 260 |
_a[S.N] : _bمركز الكتب الاردنى ، _c1988 |
||
| 300 | _a586 | ||
| 650 | 0 | 4 | _aالاقتصاد |
| 650 | 0 | 4 | _aالتعليم |
| 650 | 0 | 4 | _aالزراعة |
| 650 | 0 | 4 | _aالتنمية الاقتصادية |
| 650 | 0 | 4 | _aالسكان |
| 650 | 0 | 4 | _aالصناعة |
| 650 | 0 | 4 | _aالحكومة |
| 650 | 0 | 4 | _aراس المال |
| 700 | 1 | _aجورج خورى (مترجم) | |
| 942 |
_2ddc _cBK |
||
| 999 |
_c30805 _d30805 |
||